000 00444nam a22001817a 4500
003 CEME
005 20210628210709.0
008 210211b xxu||||| |||| 00| 0 eng d
020 _a0-13-080301-4
040 _c.
082 _a005.133 TOP
100 _aTopley, Kim
_980596
245 _aCore java, foundation classes
260 _aNEW JERSEY
_bPRENTICE HALL
_c1998
300 _a1176P
650 _aJAVA FEATURES
_980597
942 _cBK
_2ddc
999 _c585497
_d585497